000 00743nam a2200229 a 4500
001 000020224
005 20200929170324.0
008 100728s19uu dr ab 000 0 spa d
020 _a9788449430732
040 _aDO-SdBNP
_bspa
_cBNPHU
082 _aR912
_bA881g
245 0 0 _aAtlas geográfico universal /
_cedición Marina Batlle... [et al.].
260 _aBarcelona :
_bOCEANO,
_c[19--?].
300 _a432 p. :
_bil. ; map. ;
_c30 cm.
500 _aIncluye índice cartográfico de países y dependencias.
650 4 _aGeografía
_xAtlas
_942828
700 1 _aBatlle, Marina,
_eed.
_942825
700 1 _aBiosca, Ana,
_eed.
_942820
700 1 _aGiménez, Isabel,
_eed.
_942829
700 1 _aVillalba, María,
_eed.
_937337
049 _aBNPD
999 _c19729
_d19729